00447nam a2200169 a 4500001000400000003000900004008004100013040002800054082001700082100001200099245001800111260004400129300001300173490001600186500005700202650001800259662CO-ViMGA141112s2004 ck r 000 u spa d aCO-ViMGAbspacCO-ViMGA04a883.01 L653d1 aLongo, 10aDafnis y Cloe aSantafé de Bogotá : bNorma, c1997 a98, 43 p aCara y cruz aEncuadernado con A propósito de Longo y su obra. 14aNOVELA GRIEGA